| 000 | 00723nam a2200205 a 4500 | ||
|---|---|---|---|
| 001 | 000227272 | ||
| 003 | AM-YeHGA | ||
| 005 | 20250618071540.0 | ||
| 008 | 030521s1943 ai a||||r|||||000|1|arm|d | ||
| 040 | _aAM-YeHGA | ||
| 041 | 0 | _aarm | |
| 100 | 1 |
_aՀայրապետյան, Հայրապետ Սարդարի, _d1874-1962 _91697 |
|
| 245 | 1 | 0 |
_aԳայլ Վահան : _bՊատմ. պոեմ / _cՀ. Հայրապետյան ; Նկ.՝ Հ. Կոջոյան. |
| 260 |
_aԵրևան : _bՀայպետհրատ, _c1943. |
||
| 300 |
_a16 էջ : _bնկ. ; _c20 սմ. |
||
| 650 | 1 | 4 | _aՀայ գրականություն |
| 700 | 1 |
_aԿոջոյան, Հակոբ Կարապետի, _d1883-1959 _eնկ. _4art _91540 |
|
| 942 |
_2udc _cBK |
||
| 090 | _c81200 | ||
| 999 |
_c79933 _d79933 |
||